Every LEGO Avatar: The Last Airbender Minifigure Ever Released - Statistics

General Stats
  • This quiz has been taken 22 times
  • The average score is 5 of 7
Answer Stats
Answer % Correct
Aang
100%
Katara
94%
Prince Zuko
94%
Sokka
89%
Momo the Flying Lemur
83%
Fire Nation Soldier
39%
Firebender
28%
No matching quizzes found
Score Distribution
Percent of People with Each Score
Percentile by Number Answered
Your Score History
You have not taken this quiz